00679 2200253 4500001002100000005001500021035002500036090001900061245003800080260004300118300002100161008004100182040001700223082001700240084001700257100003500274500002400309650003400333650001500367850001200382041000800394990001100402990001200413YOGYA00000000002551120190506082550 a0010-081400000025229 aL 899.2221 MEN1 aMenak Demis /cYasadipura I, R.Ng3 aBatawi sentrum :bBale Poestaka,c1934 a79 hlm. ;c24 cm130805s1934 g 1 | d aYOPDYOGbind04223a899.2221 a899.2221 MEN1 aYasadipura I,cR.Ngepengarang aTeks beraksara Jawa 4aKasusasteraan Jawa--xtembang 4aPuisi Jawa aYOPDYOG0 ajav a6489-A a19729-A